Opuscula

Kaydedildi:
Detaylı Bibliyografya
Yazar: Fraccaro, Plinio (Yazar)
Materyal Türü: Kitap
Dil:İtalyanca
Baskı/Yayın Bilgisi: Pavía Athenaeum 1957
Konular:
Etiketler: Etiketle
Etiket eklenmemiş, İlk siz ekleyin!

MARC

LEADER 00000nam a2200000 a 4500
001 UCP9386
003 CL-VaPUC
008 000324e19570000IT |||||||||||||||||ita|d
082 0 4 |a 937  |b FRA  |2 21 
100 0 |a Fraccaro, Plinio  |e author  |9 439920 
245 1 0 |a Opuscula 
300 |a v 
942 |c BK 
945 |d 20000324 00:00:00  |a rherrera 
260 |a Pavía  |b Athenaeum  |c 1957 
500 |a v.2: Studi Sull'Età Della Rivoluzione Romana Scritti Di Dritto Publico Militaria 
500 |a v.3: Scritti di Topografia e di Epigrafia, Parte 1: Testo 
500 |a v.3: Scritti di Topografia e di Epigrafia, Parte 2: Tavole 
650 0 |a Historia antigua  |9 267521 
650 7 |a ROMA  |2 CL-VaPUC  |9 317375 
650 0 |a Topografía   |9 260423 
650 7 |a EPIGRAFIA LATINA  |2 CL-VaPUC  |9 439909 
650 0 |a Revoluciones  |9 255713 
650 7 |a EJERCITO ROMANO  |2 CL-VaPUC  |9 439921 
650 7 |a MALARIA  |2 CL-VaPUC  |9 352183 
583 |a last modification  |c 20000324 00:00:00  |k Rodrigo Vera 
999 |c 286201  |d 286199 
952 |0 0  |1 0  |4 0  |6 937_000000000000000_FRA_1957  |7 0  |8 A  |9 331698  |a BIBHIS  |b BIBHIS  |d 2019-11-20  |h v.2  |i 1389246  |o 937 FRA 1957  |p 1389246  |r 2025-01-20  |w 2019-11-20  |y BK  |k HIS 
952 |0 0  |1 0  |4 0  |6 937_000000000000000_FRA_1957  |7 0  |8 A  |9 331699  |a BIBHIS  |b BIBHIS  |d 2019-11-20  |h v.3  |i 1389254  |o 937 FRA 1957  |p 1389254  |r 2025-01-20  |w 2019-11-20  |y BK  |k HIS 
952 |0 0  |1 0  |4 0  |6 937_000000000000000_FRA_1957  |7 0  |8 A  |9 331700  |a BIBHIS  |b BIBHIS  |d 2019-11-20  |h v.3  |i 1389262  |o 937 FRA 1957  |p 1389262  |r 2025-01-20  |w 2019-11-20  |y BK  |k HIS